<?xml version="1.0" encoding="UTF-8"?><?xml-stylesheet type="text/xsl" href="static/style.xsl"?><OAI-PMH xmlns="http://www.openarchives.org/OAI/2.0/" xmlns:xsi="http://www.w3.org/2001/XMLSchema-instance" xsi:schemaLocation="http://www.openarchives.org/OAI/2.0/ http://www.openarchives.org/OAI/2.0/OAI-PMH.xsd"><responseDate>2026-04-17T02:55:09Z</responseDate><request verb="GetRecord" identifier="oai:www.recercat.cat:2117/104182" metadataPrefix="marc">https://recercat.cat/oai/request</request><GetRecord><record><header><identifier>oai:recercat.cat:2117/104182</identifier><datestamp>2025-07-17T12:17:27Z</datestamp><setSpec>com_2072_1033</setSpec><setSpec>col_2072_452950</setSpec></header><metadata><record xmlns="http://www.loc.gov/MARC21/slim" xmlns:dcterms="http://purl.org/dc/terms/" xmlns:xsi="http://www.w3.org/2001/XMLSchema-instance" xmlns:doc="http://www.lyncode.com/xoai" xsi:schemaLocation="http://www.loc.gov/MARC21/slim http://www.loc.gov/standards/marcxml/schema/MARC21slim.xsd">
   <leader>00925njm 22002777a 4500</leader>
   <datafield ind2=" " ind1=" " tag="042">
      <subfield code="a">dc</subfield>
   </datafield>
   <datafield ind2=" " ind1=" " tag="720">
      <subfield code="a">López-Guimet, Júlia</subfield>
      <subfield code="e">author</subfield>
   </datafield>
   <datafield ind2=" " ind1=" " tag="720">
      <subfield code="a">Andilla, Jordi</subfield>
      <subfield code="e">author</subfield>
   </datafield>
   <datafield ind2=" " ind1=" " tag="720">
      <subfield code="a">Loza-Álvarez, Pablo</subfield>
      <subfield code="e">author</subfield>
   </datafield>
   <datafield ind2=" " ind1=" " tag="720">
      <subfield code="a">Egea, Gustavo</subfield>
      <subfield code="e">author</subfield>
   </datafield>
   <datafield ind2=" " ind1=" " tag="260">
      <subfield code="c">2017-05-04</subfield>
   </datafield>
   <datafield ind2=" " ind1=" " tag="520">
      <subfield code="a">In Marfan syndrome, the tunica media is disrupted, which leads to the formation of ascending aortic&#xd;
aneurysms. Marfan aortic samples are histologically characterized by the fragmentation of elastic&#xd;
laminae. However, conventional histological techniques using transverse sections provide limited&#xd;
information about the precise location, progression and 3D extension of the microstructural changes&#xd;
that occur in each lamina. We implemented a method using multiphoton excitation fluorescence&#xd;
microscopy and computational image processing, which provides high-resolution en-face images&#xd;
of segmented individual laminae from unstained whole aortic samples. We showed that internal&#xd;
elastic laminae and successive 2nd laminae are injured to a different extent in murine Marfan aortae;&#xd;
in particular, the density and size of fenestrae changed. Moreover, microstructural injuries were&#xd;
concentrated in the aortic proximal and convex anatomical regions. Other parameters such as the&#xd;
waviness and thickness of each lamina remained unaltered. In conclusion, the method reported here is&#xd;
a useful, unique tool for en-face laminae microstructure assessment that can obtain quantitative threedimensional&#xd;
information about vascular tissue. The application of this method to murine Marfan aortae&#xd;
clearly shows that the microstructural damage in elastic laminae is not equal throughout the thickness&#xd;
of the tunica media and in the different anatomical regions of the ascending aorta.</subfield>
   </datafield>
   <datafield ind2=" " ind1=" " tag="520">
      <subfield code="a">Peer Reviewed</subfield>
   </datafield>
   <datafield ind2=" " ind1=" " tag="520">
      <subfield code="a">Postprint (published version)</subfield>
   </datafield>
   <datafield tag="653" ind2=" " ind1=" ">
      <subfield code="a">Àrees temàtiques de la UPC::Física</subfield>
   </datafield>
   <datafield tag="653" ind2=" " ind1=" ">
      <subfield code="a">Aorta</subfield>
   </datafield>
   <datafield tag="653" ind2=" " ind1=" ">
      <subfield code="a">Marfan Syndrome</subfield>
   </datafield>
   <datafield tag="653" ind2=" " ind1=" ">
      <subfield code="a">Fotònica</subfield>
   </datafield>
   <datafield ind2="0" ind1="0" tag="245">
      <subfield code="a">High-Resolution Morphological Approach to Analyse Elastic Laminae Injuries of the Ascending Aorta in a Murine Model of Marfan Syndrome</subfield>
   </datafield>
</record></metadata></record></GetRecord></OAI-PMH>